499 Harry Potter Characters mentioned in books - Statistics

General Stats
  • This quiz has been taken 7,946 times
    2,383 since last reset
  • The average score is 181 of 499
Answer Stats
Answer % Correct
Harry Potter
99%
Ron Weasley
94%
Fred Weasley
91%
George Weasley
91%
Ginny Weasley
91%
James Potter
91%
James Sirius Potter
91%
Lily Luna Potter
91%
Lily Potter
91%
Albus Dumbledore
90%
Arthur Weasley
90%
Bill Weasley
90%
Charlie Weasley
90%
Molly Weasley
90%
Percy Weasley
90%
Hermione Granger
89%
Draco Malfoy
87%
Lucius Malfoy
86%
Narcissa Malfoy
86%
Severus Snape
86%
Sirius Black
86%
Aberforth Dumbledore
84%
Lord Voldemort
84%
Albus Severus Potter
83%
Ariana Dumbledore
83%
Neville Longbottom
83%
Remus Lupin
83%
Regulus Black
82%
Bellatrix Lestrange
81%
Bilius Weasley
81%
Dudley Dursley
81%
Hugo Weasley
81%
Kendra Dumbledore
81%
Luna Lovegood
81%
Minerva McGonagall
81%
Percival Dumbledore
81%
Petunia Dursley
81%
Rubeus Hagrid
81%
Fleamont Potter
80%
Vernon Dursley
80%
Euphemia Potter
79%
Phineas Nigellus Black
79%
Scorpius Malfoy
79%
Alice Longbottom
78%
Cedric Diggory
78%
Dobby
78%
Dolores Umbridge
78%
Frank Longbottom
78%
Orion Black
78%
Walburga Black
78%
Abraxas Malfoy
77%
Alphard Black
77%
Arcturus Black III
77%
Mr. Hagrid
77%
Nymphadora Tonks
77%
Xenophilius Lovegood
77%
Alastor Mad-Eye Moody
76%
Araminta Black
76%
Augusta Longbottom
76%
Cho Chang
76%
Elladora Black
76%
Fleur Delacour
76%
Gregory Goyle
76%
Peter Pettigrew
76%
Ted Tonks
76%
Andromeda Tonks
75%
Barty Crouch Jr.
75%
Barty Crouch Sr.
75%
Dean Thomas
75%
Rodolphus Lestrange
75%
Tom Riddle Sr.
75%
Viktor Krum
75%
Vincent Crabbe
75%
Algie Longbottom
74%
Amos Diggory
74%
Gilderoy Lockhart
74%
Hope Lupin
74%
Lyall Lupin
74%
Marjorie Dursley
74%
Mr. Goyle
74%
Rabastan Lestrange
74%
Enid Longbottom
73%
Mr. Crabbe
73%
Mrs. Goyle
73%
Filius Flitwick
72%
Gabrielle Delacour
72%
Hedwig
72%
Pandora Lovegood
72%
Teddy Tonks
72%
Lavender Brown
71%
Mr. Granger
71%
Mrs. Granger
71%
Padma Patil
71%
Parvati Patil
71%
Rowena Ravenclaw
71%
Seamus Finnigan
71%
Cornelius Fudge
70%
Hector Dagworth-Granger
70%
Katie Bell
70%
Salazar Slytherin
70%
Helena Ravenclaw
69%
Helga Hufflepuff
69%
Horace Slughorn
69%
Quirinus Quirrell
69%
Apolline Delacour
68%
Godric Gryffindor
68%
Monsieur Delacour
67%
Oliver Wood
67%
Pomona Sprout
67%
Argus Filch
66%
Mrs. Crouch
66%
Pansy Parkinson
66%
Angelina Johnson
65%
Kreacher
65%
Mary Riddle
65%
Mrs. Fudge
65%
Thomas Riddle
65%
Garrick Ollivander
64%
Mr. Patil
64%
Mrs. Patil
64%
Nearly Headless Nick
64%
Sybill Trelawney
63%
Colin Creevey
62%
Crookshanks
62%
Kingsley Shacklebolt
62%
Susan Bones
62%
Amelia Bones
60%
Dennis Creevey
60%
Hannah Abbott
60%
Igor Karkaroff
60%
Mrs. Chang
60%
Mrs. Finnigan
60%
Winky
60%
Cassandra Trelawney
59%
Marvolo Gaunt
59%
Mrs. Wood
59%
Mr. Wood
59%
Poppy Pomfrey
59%
Blaise Zabini
58%
Edgar Bones
58%
Merope Gaunt
58%
Morfin Gaunt
58%
Nagini
58%
Olympe Maxime
58%
The Bloody Baron
58%
Bathilda Bagshot
57%
Fenrir Greyback
57%
Firenze
57%
Alecto Carrow
56%
Amycus Carrow
56%
Aragog
56%
Buckbeak
56%
Gellert Grindelwald
56%
Moaning Myrtle
56%
Peeves
56%
Griphook
55%
Lee Jordan
54%
Mrs. Abbott
54%
Mundungus Fletcher
54%
Rolanda Hooch
54%
Arabella Figg
53%
Fang
53%
Hepzibah Smith
53%
Mrs. Zabini
53%
Rita Skeeter
53%
Zacharias Smith
53%
Cormac McLaggen
52%
Ludo Bagman
52%
Fluffy
51%
Alicia Spinnet
50%
Ernie MacMillan
50%
Mrs. Norris
50%
Rufus Scrimgeour
50%
The Fat Lady
49%
Cuthbert Binns
48%
Otto Bagman
48%
Grawp
47%
Norbert
47%
Errol
46%
Justin Finch-Fletchley
46%
Marcus Flint
46%
Corban Yaxley
45%
Pigwidgeon
45%
Antonin Dolohov
44%
Elphias Doge
44%
Fawkes
44%
Madam Rosmerta
44%
Millicent Bulstrode
44%
Hestia Jones
43%
Stan Shunpike
43%
The Fat Friar
43%
Theodore Nott
43%
Antioch Peverell
42%
Cadmus Peverell
42%
Gwenog Jones
42%
Ignotus Peverell
42%
Newt Scamander
42%
Nicolas Flamel
42%
Penelope Clearwater
42%
Romilda Vane
42%
Bane
41%
Dedalus Diggle
41%
Mr. Nott
41%
Perenelle Flamel
41%
Terry Boot
41%
Wilhelmina Grubbly-Plank
41%
Aurora Sinistra
40%
Charity Burbage
40%
Mafalda Hopkirk
40%
Fabian Prewett
39%
Gideon Prewett
39%
Rolf Scamander
39%
Trevor
39%
Walden MacNair
39%
Armando Dippet
38%
Marietta Edgecombe
38%
Michael Corner
37%
Mykew Gregorovitch
37%
Pius Thicknesse
37%
Reginald Cattermole
37%
Astoria Greengrass
36%
Frank Bryce
36%
Irma Pince
36%
Anthony Goldstein
35%
Augustus Rookwood
35%
Caratacus Burke
35%
Daphne Greengrass
35%
Mr. Edgecombe
35%
Mrs. Edgecombe
35%
Piers Polkiss
35%
Albert Runcorn
34%
Madam Malkin
34%
Mark Evans
34%
Septima Vector
34%
Eileen Prince
33%
Evan Rosier
33%
Mr. Borgin
33%
Roger Davies
33%
Avery
32%
Sir Cadogan
32%
Basil
31%
Bertha Jorkins
31%
Bob Ogden
31%
Emmeline Vance
31%
Florean Fortescue
31%
Hermes
31%
Hokey
31%
Ronan
31%
Marcus Belby
30%
Broderick Bode
29%
Damocles Belby
29%
Dexter Fortescue
29%
Mr. Belby
29%
Jimmy Peakes
28%
John Dawlish
28%
Sir Patrick Delaney Podmore
28%
Sturgis Podmore
28%
Tiberius Ogden
28%
Demelza Robins
27%
Thorfinn Rowle
27%
Arnold
26%
Marlene McKinnon
26%
Ritchie Coote
26%
Wilkie Twycross
26%
Adrian Pucey
25%
Bogrod
25%
Ernie Prang
25%
Graham Montague
25%
Silvanus Kettleburn
25%
Travers
25%
Dirk Cresswell
24%
Magorian
24%
Mr. Montague
24%
Mrs. Montague
24%
The Basilisk
23%
Troy
23%
Aidan Lynch
22%
Griselda Marchbanks
22%
Leanne
22%
Merlin
22%
Moran
22%
Muriel
22%
Scabior
22%
Cassius Warrington
21%
Celestina Warbeck
21%
Mary MacDonald
21%
Mrs. Cole
21%
Mulciber
21%
Gawain Roberts
20%
Jack Sloper
20%
Karkus
20%
Mr. Roberts
20%
Natalie McDonald
20%
Andrew Kirke
19%
Beedle the Bard
19%
Bertie Bott
19%
Euan Abercrombie
18%
Professor Tofty
18%
Ripper
18%
Selwyn
18%
Sorting Hat
18%
Dorcas Meadowes
17%
Doris Crockford
17%
Eloise Midgen
17%
Hassan Mostafa
17%
Miles Bletchley
17%
Perkins
17%
Terrence Higgs
17%
Bertie Higgs
16%
Mosag
16%
Mr. Mason
16%
Mrs. Mason
16%
Mullet
16%
Bathsheda Babbling
15%
Binky
15%
Fridwulfa
15%
Gibbon
15%
Gornuk
15%
Mr. Midgen
15%
Violet
15%
Benjy Fenwick
14%
Lucian Bole
14%
Miranda Goshawk
14%
Barry Ryan
13%
Dilys Derwent
13%
Everard
13%
Galatea Merrythought
13%
Golgomath
13%
Jugson
13%
Lily Moon
13%
Madam Puddifoot
13%
Mandy Brocklehurst
13%
Will
13%
Caradoc Dearborn
12%
Clara Ivanova
12%
Harper
12%
Lisa Turpin
12%
Millicent Bagnold
12%
Olive Hornby
12%
Wendelin the Weird
12%
Apollyon Pringle
11%
Cornelius Agrippa
11%
Fawcett
11%
Gordon
11%
Morag MacDougal
11%
Peregrine Derrick
11%
Quigley
11%
Sally-Anne Perks
11%
Sanguini
11%
The Giant Squid
11%
Tom the Bartender
11%
Yvonne
11%
Alexei Levski
10%
Amy Benson
10%
Augustus Pye
10%
Cadwallader
10%
Circe
10%
Connolly
10%
Davey Gudgeon
10%
Eddie Carmichael
10%
Emeric the Evil
10%
Gladys Gudgeon
10%
Ivan Volkov
10%
Madam Marsh
10%
Ogg
10%
Stewart Ackerley
10%
Urquhart
10%
Vasily Dimitrov
10%
Wilkes
10%
Adalbert Waffling
9%
Agnes
9%
Ali Bashir
9%
Ambrosius Flume
9%
Billy Stubbs
9%
Cassandra Vablatsky
9%
Colonel Fubster
9%
Dennis Bishop
9%
Dot
9%
Dragomir Gorgovitch
9%
Eleanor Branstone
9%
Harold Dingle
9%
Hippocrates Smethwyck
9%
Joey Jenkins
9%
Kevin
9%
Lev Zograf
9%
Malcolm Baddock
9%
Melinda Bobbin
9%
Proudfoot
9%
Pyotr Vulchanov
9%
Quentin Trimble
9%
Ragnok
9%
Saul Croaker
9%
Stubby Boardman
9%
Uric the Oddball
9%
Vaisey
9%
Arsenius Jigger
8%
Bertram Aubrey
8%
Bozo
8%
Bradley
8%
Cecilia
8%
Derek
8%
Eldred Worple
8%
Kevin Whitby
8%
Odo
8%
Orla Quirke
8%
Poliakoff
8%
Stebbins
8%
Summerby
8%
Trolley Witch
8%
Urg the Unclean
8%
Vicky Frobisher
8%
Wilbert Slinkhard
8%
Willy Widdershins
8%
Arkie Alderton
7%
Chambers
7%
Claudius Ptolemy
7%
Cuthbert Mockridge
7%
Dai Llewellyn
7%
Egbert the Egregious
7%
Emma Dobbs
7%
Geoffrey Hooper
7%
Herbert Chorley
7%
Mr. Payne
7%
Owen Cauldwell
7%
Phyllida Spore
7%
Rose Zeller
7%
Savage
7%
Summers
7%
Tenebrus
7%
Ulick Gamp
7%
Verity
7%
Wakanda
7%
Warty Harris
7%
Angus Fleet
6%
Barnabus Caffe
6%
Barnabus the Barmy
6%
Barrufio
6%
Bodrod the Bearded
6%
Elfric the Eager
6%
Emeric Switch
6%
Fergus
6%
Golpalott
6%
Loxias
6%
Morgan le Fay
6%
Murcus
6%
Patricia Stimpson
6%
Ragnuk the First
6%
Arcus
5%
Arkie Philpott
5%
Betty Braithwaitte
5%
Ciceron Harkiss
5%
Eric Munch
5%
Hengist of Woodcroft
5%
Humphrey Belcher
5%
Jim McGuffin
5%
Laura Madley
5%
Libatius Borage
5%
Mortlake
5%
Paracelsus
5%
Vindictus Viridian
5%
Agatha Timms
4%
Alberic Grunnion
4%
Arnold Peasegood
4%
Cliodna
4%
Doris Purkiss
4%
Gilbert Wimple
4%
Graham Pritchard
4%
Gregory the Smarmy
4%
Inigo Imago
4%
Kenneth Towler
4%
Madam Z. Nettles
4%
Mary Dorkins
4%
Octavius Pepper
4%
Rosalind Antigone Bungs
4%
Rupert Brookstanton
4%
Urquhart Rackharrow
4%
Williamson
4%
Barnabas Deverill
3%
Elfrida Cragg
3%
Enid Smeek
3%
Eric Whalley
3%
Godelot
3%
Hereward
3%
Hetty Bayliss
3%
Ivor Dillonsby
3%
Janus Thickey
3%
Ladislaw Zamojski
3%
Livius
3%
Pierre Bonaccord
3%
Veronica Smethley
3%
Archie Aymslowe
2%
Bowman Wight
2%
Donaghan Tremlett
2%
Lachlan the Lacky
2%
Miriam Stout
2%
Mungo Bonham
2%
Roddy Pontner
2%
Scarpin
2%
Wilfred the Wistful
2%
No matching quizzes found
Score Distribution
Percent of People with Each Score
Percentile by Number Answered
Your Score History
You have not taken this quiz since the last reset